书目信息 |
| 题名: |
留学生与中国社会学
|
|
| 作者: | 陈新华 著 | |
| 分册: | ||
| 出版信息: | 天津 南开大学出版社 2009.05 |
|
| 页数: | 291页 | |
| 开本: | 21cm | |
| 丛书名: | 中国学科现代转型丛书 | |
| 单 册: | ||
| 中图分类: | G648.9 , C91-092 | |
| 科图分类: | ||
| 主题词: | 社会学--she hui xue--历史--研究--中国 , 留学生教育--liu xue sheng jiao yu--研究--中国 | |
| 电子资源: | ||
| ISBN: | 978-7-310-03139-9 | |
| 000 | 01036nam 2200289 450 | |
| 001 | 012010189775 | |
| 005 | 20100103103654.70 | |
| 010 | @a978-7-310-03139-9@dCNY18.00 | |
| 100 | @a20100103d2009 em y0chiy0120 ea | |
| 101 | 0 | @achi |
| 102 | @aCN@b120000 | |
| 105 | @ay a 000yy | |
| 106 | @ar | |
| 200 | 1 | @a留学生与中国社会学@Aliu xue sheng yu zhong guo she hui xue@f陈新华著@Fchen xin hua zhu |
| 210 | @a天津@c南开大学出版社@d2009.05 | |
| 215 | @a291页@d21cm | |
| 225 | 2 | @a中国学科现代转型丛书@Azhong guo xue ke xian dai zhuan xing cong shu |
| 320 | @a有书目 (第281-291页) | |
| 330 | @a本书主要介绍:学科渊源、留美生研习社会学阵容之分析、从“知识引进”到“固化系科”--留美生与中国社会学的学科华发展等。 | |
| 410 | 0 | @12001 @a中国学科现代转型丛书 |
| 606 | 0 | @a社会学@Ashe hui xue@x历史@x研究@y中国 |
| 606 | 0 | @a留学生教育@Aliu xue sheng jiao yu@x研究@y中国 |
| 690 | @aG648.9@v4 | |
| 690 | @aC91-092@v4 | |
| 701 | 0 | @a陈新华@Achen xin hua@4著 |
| 801 | 0 | @aCN@bQSSK@c20100103 |
| 905 | @b770262-64@dG648.9@eC592@f3 | |
| 留学生与中国社会学/陈新华著.-天津:南开大学出版社,2009.05 |
| 291页;21cm.-(中国学科现代转型丛书) |
| ISBN 978-7-310-03139-9:CNY18.00 |
| 本书主要介绍:学科渊源、留美生研习社会学阵容之分析、从“知识引进”到“固化系科”--留美生与中国社会学的学科华发展等。 |
| ● |
| 相关链接 |
|
|
|
正题名:留学生与中国社会学
索取号:G648.9/C592
 
预约/预借
| 序号 | 登录号 | 条形码 | 馆藏地/架位号 | 状态 | 备注 |
| 1 | 770262 | 207702627 | 社科库409/409社科库 14排3列3层/ [索取号:G648.9/C592] | 在馆 | |
| 2 | 770263 | 207702636 | 社科库409/409社科库 14排3列3层/ [索取号:G648.9/C592] | 在馆 | |
| 3 | 770264 | 207702645 | 社科二线422/422社科库 30排1列1层/ [索取号:G648.9/C592] | 在馆 |